000 00788nam a2200241Ia 4500
003 CO-PeBPM
005 20250424115242.0
007 ta
008 231129s9999||||xx |||||||||||||| ||spa||
020 _a9681313860
040 _aCO-PeBPM
_bspa
_cCO-PeBPM
_erda
041 _aspa
082 _a150.194 W136d
100 1 0 _aWahlroos, Sven
_eautor
245 1 0 _aDisculpas excusas y pretextos
_c/ Sven Wahlroos; traductor Xavier Ochoa Álvarez
250 _aTercera reimpresión
260 _aMéxico
_b: Diana
_c, 1986
300 _a326 páginas
_bilustraciones en blanco y negro
_c20,5 centímetros
500 _aIncluye índice y apéndices
650 1 4 _aPsicología aplicada
_2LEMB
700 1 4 _aOchoa Álvarez, Xavier
_etraducción
942 _2ddc
_cBK
999 _c9632
_d9632